Kamus Arab Iqra : Arab-melayu-inggeris, melayu-arab-inggeris

Bibliographic Details
Main Author: Duraid Fatouhi
Format: Book
Published: Kuala Lumpur : Iqra' Publications , 2005
Subjects:

MARC

LEADER 00000cam a2200000 7i4500
001 0000016565
005 20080425.0
008 250408
020 |a 9831461657 
090 0 0 |a 413   |b DUR 
100 1 |a Duraid Fatouhi 
245 1 0 |a Kamus Arab Iqra :   |b Arab-melayu-inggeris, melayu-arab-inggeris   |c By Duraid Fatouhi & Emily H. Halili 
260 |a Kuala Lumpur :   |b Iqra' Publications ,   |c 2005 
650 0 |a Arabic/Malay/English   |x Dictionaries 
999 |a 0001012905   |b Book   |c REFERENCE   |e Perbadanan Perpustakaan Awam Johor 
999 |a 0001012907   |b Book   |c REFERENCE   |e Perbadanan Perpustakaan Awam Johor